Tulsa Football: Top 10 All-Time Leaders - Statistics

General Stats
  • This quiz has been taken 4 times
  • The average score is 20 of 46
Answer Stats
Category # Player Amount % Correct
Passing Yards 9 Zach Smith 5,226
100%
Receiving Yards 7 Damaris Johnson 2,746
67%
Passing Yards 1 Dane Evans 11,680
67%
Passing Yards 7 Gus Frerotte 5,480
67%
Receiving Yards 4 Keevan Lucas 3,250
67%
Receiving Yards 5 Keyarris Garrett 3,209
67%
Tackles 6 Lovie Smith 367
67%
Tackles 4 Michael White 389
67%
Passing Yards 2 Paul Smith 10,936
67%
Tackles 3 Shawn Jackson 401
67%
Sacks 1 Shawn Jackson 23.5
67%
Rushing Yards 7 Solomon White 2,553
67%
Tackles 9 Chris Chamberlain 352
33%
Tackles 10 Cooper Edmiston 343
33%
Tackles 7 Curnelius Arnick 356
33%
Receiving Yards 6 Damon Savage 2,952
33%
Receiving Yards 3 Dan Bitson 3,300
33%
Rushing Yards 1 D'Angelo Brewer 3,917
33%
Passing Yards 6 Davis Brin 5,650
33%
Sacks T2 Dennis Byrd 20.0
33%
Interceptions 1 Dexter McCoil 18
33%
Rushing Yards 6 Eric Richardson 2,645
33%
Passing Yards 3 G.J. Kinne 9,472
33%
Receiving Yards 2 Howard Twilley 3,343
33%
Passing Yards 10 James Kilian 4,865
33%
Rushing Yards 8 Ja'Terian Douglas 2,533
33%
Interceptions T2 Jeff Jordan 13
33%
Passing Yards 5 John Fitzgerald 5,822
33%
Receiving Yards 8 Josh Atkinson 2,654
33%
Passing Yards 8 Josh Blankenship 5,273
33%
Receiving Yards 10 Justin Hobbs 2,546
33%
Tackles 8 Kendarin Ray 353
33%
Rushing Yards 10 Ken Lacy 2,272
33%
Receiving Yards 1 Keylon Stokes 3,774
33%
Tackles 2 Michael Mudoh 406
33%
Rushing Yards 4 Mike Gunter 3,536
33%
Interceptions T2 Nate Harris 13
33%
Tackles 1 Nelson Coleman 413
33%
Tackles 5 Robert Tennon 388
33%
Sacks T2 Sedric Clark 20.0
33%
Rushing Yards 2 Shamari Brooks 3,729
33%
Rushing Yards 3 Tarrion Adams 3,651
33%
Passing Yards 4 T.J. Rubley 9,324
33%
Rushing Yards 5 Trey Watts 3,515
33%
Rushing Yards 9 Uril Parrish 2,465
33%
Receiving Yards 9 Wes Caswell 2,562
33%
No matching quizzes found
Score Distribution
Percent of People with Each Score
Percentile by Number Answered
Your Score History
You have not taken this quiz